| 000 | 00850cam a2200265 a 4500 | ||
|---|---|---|---|
| 001 | 2941040 | ||
| 003 | ARRUPE | ||
| 005 | 20161201112847.0 | ||
| 008 | 930104s1989 rh a 000 0 eng d | ||
| 010 | _a 89981417 | ||
| 020 |
_a0908305087 : _c$12.50 |
||
| 035 | _a(OCoLC)21521779 | ||
| 040 |
_aICIU _cDLC _dICIU _dDLC |
||
| 042 | _alccopycat | ||
| 050 | 0 | 4 | _aPR9390.9M28F66 |
| 100 | 1 |
_aMahoso, Tafataona Pasipaipa. _927770 |
|
| 245 | 1 | 0 |
_aFootprints about the Bantustan / _cby Tafataona Mahoso. |
| 260 |
_aHarare: _bNehanda Publishers, _c1989. |
||
| 300 |
_avi, 114 p.; _bill. ; _c21 cm. |
||
| 440 | 0 |
_aWriters in Africa ; _v2 _927771 |
|
| 650 |
_aZimbabwe _xPoetry. _927772 |
||
| 906 |
_a7 _bcbc _ccopycat _d4 _encip _f19 _gy-gencatlg |
||
| 942 |
_2lcc _cMONOGRAPH |
||
| 999 |
_c125831 _d125831 |
||